|
|
|
|
| LEADER |
00820nam a22002412a 4500 |
| 001 |
001872650 |
| 003 |
CZ BrMZK |
| 005 |
20231009111732.0 |
| 007 |
ta |
| 008 |
231006s1923 xxkab er|||||||||||eng d |
| 040 |
|
|
|a BOA001
|b cze
|e aacr2
|
| 072 |
|
7 |
|a 94(3)
|x Dějiny zemí starověkého světa
|2 Konspekt
|9 8
|
| 100 |
1 |
|
|a Hamilton, Mary Agnes,
|d 1884-1966
|7 jn20020129001
|4 aut
|
| 245 |
1 |
0 |
|a Outlines of Greek and Roman history to A.D. 180 /
|c by Mary Agnes Hamilton
|
| 260 |
|
|
|a Oxford :
|b At the Claredon Press,
|c 1923
|
| 300 |
|
|
|a 193 s. :
|b il., mapy ;
|c 8°
|
| 650 |
0 |
7 |
|a starověk
|7 ph126028
|2 czenas
|
| 655 |
|
7 |
|a přehledy
|7 fd133202
|2 czenas
|
| 910 |
|
|
|a BOA001
|b 1-0206.714
|
| 990 |
|
|
|a BK
|
| 993 |
|
|
|a Y
|
| 991 |
|
|
|b 202310
|
| 996 |
6 |
|
|b BC-2426721
|c 1-0206.714
|l MZK
|r Sklad / do 1 hodiny
|n 0
|w 001940294
|u 000010
|a 1
|e BOA001
|j MZK50
|s P
|